000
00309nam a22001577a 4500
003
macl
005
20160221170210.0
008
macl
040
_c
macl
041
_a
Hindi
082
_a
001
100
_a
Paramount
_9
39561
245
_a
SSC Tier II Model Papars
650
_a
G.K.
_9
39562
942
_2
ddc
_c
HIN
999
_c
53374
_d
53374